Pays de la Coupe du Monde de Football 1930 (Mort subite) - Statistiques

Statistiques générales
  • Ce quiz a été pris 435 fois
  • Le résultat moyen est 4 sur 13
Answers on the Grid
Answers color-coded by a green-red scale on the quiz's grid according to % correct below.
France
Mexique
Argentine
Chili
Brésil
Yougoslavie
Bolivie
Uruguay
Roumanie
Pérou
Etats-Unis
Belgique
Paraguay
Italie
Allemagne
Espagne
Suède
Chine
Japon
Egypte
Suisse
Pays-Bas
Colombie
Cuba
Portugal
Grèce
Afrique du Sud
Australie
Hongrie
Pologne
 
Statistiques - réponses
Réponse % Correct
Uruguay
68%
France
57%
Brésil
54%
Argentine
43%
Etats-Unis
27%
Mexique
17%
Yougoslavie
17%
Belgique
15%
Chili
15%
Paraguay
14%
Bolivie
9%
Pérou
9%
Roumanie
9%
Aucun quiz correspondant
Distribution des résultats
% des personnes avec chaque résultat
Percentile par nombre de réponses
Votre historique - résultats
Vous n’avez pas pris ce quiz